التأثير الإسلامى فى السودان الغربى : (Record no. 14195)
[ view plain ]
| 000 -LEADER | |
|---|---|
| fixed length control field | 00907nam a22001817a 4500 |
| 008 - FIXED-LENGTH DATA ELEMENTS--GENERAL INFORMATION | |
| fixed length control field | 100623t xxu||||| |||| 00| 0 eng d |
| 082 ## - DEWEY DECIMAL CLASSIFICATION NUMBER | |
| Edition number | 22 |
| Classification number | 210.96 |
| Item number | ن ق ى |
| 100 ## - MAIN ENTRY--PERSONAL NAME | |
| 9 (RLIN) | 15089 |
| Personal name | النقيرة, محمد عبدالله عبدالله محمد |
| 245 ## - TITLE STATEMENT | |
| Title | التأثير الإسلامى فى السودان الغربى : |
| Remainder of title | غربى إفريقية / |
| Statement of responsibility, etc | محمد عبدالله عبدالله محمد النقيرة |
| 260 ## - PUBLICATION, DISTRIBUTION, ETC. (IMPRINT) | |
| Place of publication, distribution, etc | [الرياض]: |
| Name of publisher, distributor, etc | مطابع الفرزدق التجارية , |
| Date of publication, distribution, etc | 1988. |
| 300 ## - PHYSICAL DESCRIPTION | |
| Extent | 307 ص؛ |
| Dimensions | 20 سم. |
| 500 ## - GENERAL NOTE | |
| General note | Donations. |
| 500 ## - GENERAL NOTE | |
| General note | Donated By: Alaa Abdel Ghaney. |
| 650 ## - SUBJECT ADDED ENTRY--TOPICAL TERM | |
| 9 (RLIN) | 15145 |
| Topical term or geographic name as entry element | الإسلام - إفريقيا |
| 650 ## - SUBJECT ADDED ENTRY--TOPICAL TERM | |
| 9 (RLIN) | 15151 |
| Topical term or geographic name as entry element | الإسلام - السودان |
| 942 ## - ADDED ENTRY ELEMENTS (KOHA) | |
| Source of classification or shelving scheme | Dewey Decimal Classification |
| Item type | Book - Borrowing |
| Withdrawn status | Item status | Source of classification or shelving scheme | Damaged status | Not for loan | Vendor | Home library | Current library | Shelving location | Date acquired | Source of acquisition | Total Checkouts | Full call number | Barcode | Date last seen | Date last borrowed | Koha item type |
|---|---|---|---|---|---|---|---|---|---|---|---|---|---|---|---|---|
| Dewey Decimal Classification | Central Library | Central Library | Lower Floor | 23/06/2010 | 1 | 210.96 الن | 000020766 | 15/07/2025 | 06/03/2018 | Book - Borrowing |